000 00290 a2200145 4500
001 74047
020 _a
040 _cAnchieta - Colégio São Paulo
240 1 0 _aGeografia
_lpor
245 1 0 _aGeografia
300 _a65
362 0 _a2001
650 4 _aGeografia e viagens
942 _cBK
999 _c74047
_d74047